000 00352 a2200109 4500
001 ART_49885
005 20260410161729.0
008 260409a
245 1 0 _aLas credenciales de los posgrados en las universidades públicas argentinas
100 1 _aCardinaux, Nancy
773 0 _tLecciones y ensayos
_g- Nº 100 (jun. 2018)
_wREV2658
999 _c17674
_d17674